Biblioteca y Centro de Documentación

Hacia una reformulación de la violencia de género laboral (Registro nro. 51180)

Detalles MARC
000 -CABECERA
Longitud fija campo de control 01426nam a2200445 c 4500
001 - NÚMERO DE CONTROL
Número de control 51180
003 - IDENTIFICADOR DE NÚMERO DE CONTROL
Identificador del número de control ES-MaCES
005 - FECHA Y HORA DE LA ÚLTIMA TRANSACCIÓN
Fecha y hora de la última transacción 20190308120321.0
008 - CAMPO FIJO DE DESCRIPCIÓN FIJA--INFORMACIÓN GENERAL
Códigos de información de longitud fija   190307s2018 sp 000 | spa d
017 ## - NÚMERO DE REGISTRO DE DERECHOS DE AUTOR Y DEPÓSITO LEGAL
Número de copyright o de depósito legal M 30719-2018
Agencia que asigna el número DL
020 ## - ISBN (INTERNATIONAL STANDARD BOOK NUMBER)
Número Internacional Normalizado para Libros (ISBN) 9788490207475
020 ## - ISBN (INTERNATIONAL STANDARD BOOK NUMBER)
Número Internacional Normalizado para Libros (ISBN) 9788490207482 (versión electrónica)
040 ## - FUENTE DE CATALOGACIÓN
Centro catalogador de origen ES-MaCES
Lengua de catalogación spa
Centro transcriptor ES-MaCES
100 ## - ENCABEZAMIENTO PRINCIPAL--NOMBRE PERSONAL
9 (RLIN) 38814
Nombre de persona Espejo Megías, Patricia
245 10 - MENCIÓN DE TÍTULO
Título Hacia una reformulación de la violencia de género laboral
Mención de responsabilidad, etc. Patricia Espejo Megías
250 ## - MENCIÓN DE EDICIÓN
Mención de edición 1ª ed
260 ## - PUBLICACIÓN, DISTRIBUCIÓN, ETC (PIE DE IMPRENTA)
Lugar de publicación, distribución, etc. Las Rozas (Madrid)
Nombre del editor, distribuidor, etc. Wolters Kluwer
Fecha de publicación, distribución, etc. 2018
300 ## - DESCRIPCIÓN FÍSICA
Extensión 232 p.
Dimensiones 24 cm
490 1# - MENCIÓN DE SERIE
Mención de serie Temas, La Ley
504 ## - NOTA DE BIBLIOGRAFÍA, ETC.
Nota de bibliografía, etc. Bibliografía: p. 213-232
541 ## - NOTA DE LA FUENTE INMEDIANTE DE ADQUISICIÓN
Forma de adquisición Compra
650 #4 - ASIENTO SECUNDARIO DE MATERIA--TÉRMINO DE MATERIA
Término de materia o nombre geográfico como elemento inicial mujeres
9 (RLIN) 28657
650 #4 - ASIENTO SECUNDARIO DE MATERIA--TÉRMINO DE MATERIA
Término de materia o nombre geográfico como elemento inicial trabajadora
9 (RLIN) 28413
650 #4 - ASIENTO SECUNDARIO DE MATERIA--TÉRMINO DE MATERIA
Término de materia o nombre geográfico como elemento inicial violencia
9 (RLIN) 29388
650 #4 - ASIENTO SECUNDARIO DE MATERIA--TÉRMINO DE MATERIA
Término de materia o nombre geográfico como elemento inicial acoso laboral
9 (RLIN) 30708
650 #4 - ASIENTO SECUNDARIO DE MATERIA--TÉRMINO DE MATERIA
Término de materia o nombre geográfico como elemento inicial acoso sexual
9 (RLIN) 29555
650 #4 - ASIENTO SECUNDARIO DE MATERIA--TÉRMINO DE MATERIA
Término de materia o nombre geográfico como elemento inicial discriminación por razones de sexo
9 (RLIN) 29521
650 #4 - ASIENTO SECUNDARIO DE MATERIA--TÉRMINO DE MATERIA
Término de materia o nombre geográfico como elemento inicial diferencia del salario
9 (RLIN) 29458
650 #4 - ASIENTO SECUNDARIO DE MATERIA--TÉRMINO DE MATERIA
Término de materia o nombre geográfico como elemento inicial responsabilidades familiares
9 (RLIN) 30598
650 #4 - ASIENTO SECUNDARIO DE MATERIA--TÉRMINO DE MATERIA
Término de materia o nombre geográfico como elemento inicial participación de la mujer en el desarrollo
9 (RLIN) 30663
650 #4 - ASIENTO SECUNDARIO DE MATERIA--TÉRMINO DE MATERIA
Término de materia o nombre geográfico como elemento inicial igualdad de oportunidades en el empleo
9 (RLIN) 30649
650 #4 - ASIENTO SECUNDARIO DE MATERIA--TÉRMINO DE MATERIA
Término de materia o nombre geográfico como elemento inicial derecho del trabajo
9 (RLIN) 27165
650 #4 - ASIENTO SECUNDARIO DE MATERIA--TÉRMINO DE MATERIA
Término de materia o nombre geográfico como elemento inicial derecho comunitario
9 (RLIN) 29866
650 #4 - ASIENTO SECUNDARIO DE MATERIA--TÉRMINO DE MATERIA
Término de materia o nombre geográfico como elemento inicial derecho comparado
9 (RLIN) 29868
650 #4 - ASIENTO SECUNDARIO DE MATERIA--TÉRMINO DE MATERIA
Término de materia o nombre geográfico como elemento inicial España
9 (RLIN) 26964
653 10 - TÉRMINO DE INDEXACIÓN--NO CONTROLADO
Término no controlado Mujer
830 #0 - ENCABEZAMIENTO SECUNDARIO DE COLECCIÓN--TÍTULO UNIFORME
Título uniforme Temas / La Ley
9 (RLIN) 34262
902 ## - CES. TIPO DE DOCUMENTO
Tipodoc (006$c Sirtex) LIB Libro
942 ## - ELEMENTOS KOHA
Fuente de clasificaión o esquema Clasificación propia del CES
Koha [por defecto] tipo de item Monografías
Parte de clasificación Asuntos Sociales
Existencias
Número de registro Signatura completa Tipo de item de Koha
091349 SG-3.3.-898 Monografías
© CES, Consejo Económico y Social de España 2021